000 00781nam a2200289Ia 4500
005 20260324123059.0
008 008 260324s9999 xx 000 0 eng d
020 _a9781003445760
037 _aEBOOK
040 _aCRL
040 _beng
040 _cCRL
041 _2eng
041 _aeng
084 _qCRL
100 _aWendy Olson; Betsy O. Barefoot; Margot Soven; Dolores Lehr; Siskanna Naynaha
_91168946
245 0 _aLinked Courses for General Education and Integrative Learning
245 2 _bA Guide for Faculty and Administrators
260 _bTaylor and Francis
260 _c2012
365 _a
365 _b230
856 _uhttp://www.taylorfrancis.com/books/9781003445760
942 _cEBOOK
999 _c1762154
_d1762154